000
00244nam a2200097Ia 4500
001
659835
005
20250826160102.0
008
250824s9999 xx 000 0 und d
245
0
_a
havacılık ve uzay
_c
Lindsey Lowe
260
_b
TÜBİTAK YAYINLARI
999
_c
659835
_d
659835